00259nam a2200097Ia 4500008004100000100001600041245006400057260002400121300000800145650000800153191201s2007 xx 000 0 und d aCHARY, S.N. 0aTheory and Problems in Production and Operations Management aN. DelhibTMHc2007 a681 aBBA